| 000 | 00527nam a2200157 a 4500 | ||
|---|---|---|---|
| 001 | 000026644 | ||
| 005 | 20200930030330.0 | ||
| 008 | 110324s19uu dr 000 0 spa d | ||
| 040 |
_aDO-SdBNP _bspa _cBNPHU |
||
| 082 |
_axxx _bC957d |
||
| 100 | 1 |
_aCruz, Juan Francisco de la, _953764 |
|
| 245 | 1 | 0 |
_aDetrás de la cortina / _cJuan Francisco de la Cruz ; presentación Ramón de la Rosa y Carpio. |
| 260 |
_aSanto Domingo : _bAmigo del Hogar, _c[19??]. |
||
| 300 |
_a126 p. ; _c21 cm. |
||
| 700 | 1 |
_aRosa y Carpio, Ramón de la _92173 |
|
| 999 |
_c26136 _d26136 |
||